00490nam a2200169Ia 4500003000400000005001700004008004100021020001800062040000700080041000800087082002200095100005500117245007300172260003800245300001500283650002200298OSt20230401114004.0210423s1992 xx 000 0 und d a0-471-84041-6 cAL aeng a547.13 223bSHAT aSHAIK (Sason S);SCHLEGEL (Bernhard H);WOLFE (Saul) aTheoretical aspects of physical organic chemistry: the Sn2 mechanism aNew YorkbJohn Wiley & Sonsc1992 axv,285bHB aOrganic Chemistry